| 000 | 01842nam a2200241Ia 4500 | ||
|---|---|---|---|
| 008 | 260220t1975||||xx |||||||||||||| ||spa|| | ||
| 040 |
_aPY-SlUNAC _bspa _erda |
||
| 041 | _aspa | ||
| 082 |
_a515.33 _bSpi43m |
||
| 100 |
_aSpiegel, Murray R. _eAutor |
||
| 245 | 0 |
_aManual de fórmulas y tablas matemáticas : _b2400 fórmulas y 60 tablas / _cpor Murray R. Spiegel [Autor] |
|
| 264 |
_aCiudad de México : _bMcGraw-Hill, _c℗1975. |
||
| 300 | _a1 volumen | ||
| 520 | _aEl "Manual de fórmulas y tablas matemáticas" de Murray R. Spiegel es una obra integral que compila un vasto conjunto de 2400 fórmulas y 60 tablas esenciales para estudiantes y profesionales en diversas disciplinas matemáticas. Su enfoque abarca áreas fundamentales como álgebra, trigonometría, cálculo, estadística y geometría, proporcionando herramientas útiles para la resolución de problemas. El manual está diseñado para facilitar el acceso rápido a fórmulas y tablas, lo que permite a los lectores aplicar conceptos matemáticos de manera efectiva en sus estudios o trabajos. Además, incluye ejemplos ilustrativos que clarifican el uso de cada fórmula, promoviendo una mejor comprensión. Su estructura organizada y su presentación clara hacen que sea un recurso valioso tanto para principiantes como para aquellos con conocimientos avanzados en matemáticas. Publicado por McGraw-Hill en 1975, este manual se ha convertido en un referente en el ámbito educativo, siendo ampliamente utilizado en cursos de matemáticas a nivel universitario y en la práctica profesional. | ||
| 653 | _aFórmulas matemáticas | ||
| 653 | _aMatemáticas | ||
| 653 | _aTablas matemáticas | ||
| 942 |
_b2026/02/17 _cBK |
||
| 999 |
_c7565 _d7565 |
||